000 00400nam a22001577a 4500
005 20251108175437.0
008 250721s9999 xx 000 0 eng d
082 1 4 _aJ/F/PIN
245 1 0 _aPinnochio /
246 1 1 _aبينوكيو
490 0 _aGolden Fairy Fales
_v3
650 1 7 _aFiction
653 _aأطفال مرحلة متوسطة (6-9) سنوات
942 _2ddc
_cBK
999 _c134248
_d134248